80 let zahradníka Emila Kostky

Bibliographic Details
Main Author: Walter, Vilém (Author)
Format: Article
Language:Czech
ISSN:1211-0922
Subjects:

MARC

LEADER 00000nab a2200000 a 4500
001 vtls000674347
003 SK-MaSNL
005 20260302190437.0
008 160321c1998 xo 0 cze
015 |a SNBRB1998/09-25369 
035 |a CLN000026523 
040 |a SNKBUCL  |b slo  |c SNKBUCL  |e AACR2 
041 0 |a cze 
044 |a xo  |c SK 
080 |a 635-051  |2 UDC-MRF-SK2 
080 |a 929 Kostka, Emil  |2 UDC-MRF-SK2 
100 1 |a Walter, Vilém  |4 aut  |9 287618 
214 1 1 |a Osumdesát let zahradníka Emila Kostky 
245 1 0 |a 80 let zahradníka Emila Kostky  |c Vilém Walter 
246 1 3 |a Osumdesát let zahradníka Emila Kostky 
600 1 7 |a Kostka, Emil  |d 1918-  |2 snkbucl  |9 904555 
655 7 |a články z novín a časopisov  |2 snkbucl  |9 267496 
773 0 |x 1211-0922  |t Zahradnictví  |g Roč. 23, č. 9 (1998), s. 26-27 
850 |a Slovenská národná knižnica v Martine 
852 |a SNK  |b KIS3GCP 
958 |a CZ 
958 |a BC 
958 |a RBX 
999 |c 1433368  |d 1435298